|
|
|
|
| LEADER |
00977nam a2200241 a 4500 |
| 001 |
7687 |
| 008 |
130630st1999964enkacf b 001 0 eng d |
| 010 |
|
|
|a 82115993
|
| 020 |
|
|
|a 0413308200
|
| 020 |
|
|
|a 0809005425
|
| 040 |
|
|
|a DLC
|c DLC
|d DLC
|d OCoLC
|d DLC
|d BD-DhAAL
|
| 082 |
0 |
0 |
|a 792
|2 19
|
| 100 |
1 |
|
|a Brecht, Bertolt,
|d 1898-1956.
|
| 245 |
1 |
0 |
|a Brecht on theatre :
|b the development of an aesthetic /
|c Bertolt Brecht ; edited and translated by John Willett.
|
| 260 |
|
|
|a London :
|b Eyre Methuen,
|c cl964
|
| 300 |
|
|
|a xvii, 294 p., [32] p.of plates :
|b ill., ports. ;
|c 30 cm.
|
| 504 |
|
|
|a Includes bibliography (p. 284-285) and index.
|
| 541 |
|
|
|e 7687
|
| 650 |
|
0 |
|a Theater.
|
| 700 |
1 |
|
|a Willett, John,
|d 1917-
|
| 852 |
1 |
|
|a Ayesha Abed Library
|j General shelf.
|
| 999 |
|
|
|c 13644
|d 13644
|
| 952 |
|
|
|0 0
|1 0
|4 1
|6 792_000000000000000_BRE
|7 0
|9 22840
|a BRACUL
|b BRACUL
|c SPS
|d 2013-06-30
|l 0
|o 792 BRE
|p 3010007687
|r 2013-06-30
|t 1
|w 2013-06-30
|y BK
|x Photocopy Book. Declared as Damaged on December 10, 2023
|